Квантовые процессы в интенсивных полях

Dettagli Bibliografici
Ente Autore: Академия наук Молдавской ССР Институт прикладной физики
Lingua:russo
Pubblicazione: Кишинев, Штиинца, 1987
Soggetti:
Natura: Libro
KOHA link:https://koha.lib.tpu.ru/cgi-bin/koha/opac-detail.pl?biblionumber=156943

MARC

LEADER 00000nam0a2200000 4500
001 156943
005 20231101221932.0
035 |a (RuTPU)RU\TPU\book\170196 
090 |a 156943 
100 |a 20090401d1987 m y0rusy50 ca 
101 0 |a rus 
102 |a MD 
105 |a a z 001zy 
200 1 |a Квантовые процессы в интенсивных полях  |f Академия наук Молдавской ССР, Институт прикладной физики 
210 |a Кишинев  |c Штиинца  |d 1987 
215 |a 188 с.  |c ил. 
320 |a Библиография в конце статей 
610 1 |a квантовые процессы 
675 |a 539.2:530.145  |v 3 
712 0 2 |a Академия наук Молдавской ССР  |b Институт прикладной физики  |c (Кишинев)  |2 stltpush  |3 (RuTPU)RU\TPU\col\11347  |9 25052 
801 1 |a RU  |b 63413507  |c 20090401  |g PSBO 
801 2 |a RU  |b 63413507  |c 20090729  |g PSBO 
942 |c BK